000 00331nam a2200121Ia 4500
008 231129s9999||||xx |||||||||||||| ||spa||
020 _a84-226-0845-6 (obra
040 _bspa
082 _aR 591.03 E56e
245 0 _aEnciclopedia Salvat de la fauna
264 _aSalvat Ediciones
942 _2ddc
_cBKS
999 _c13021
_d13021